Name these Premier League footballers #2 - Statistics

General Stats
  • This quiz has been taken 25 times
  • The average score is 11 of 15
Answer Stats
Picture Hint Answer % Correct
Chile Alexis Sanchez
100%
Uruguay Luis Suarez
100%
Mexico Javier Hernandez
95%
Wales Gareth Bale
91%
Northern Ireland Jonny Evans
86%
Cameroon Samuel Eto'o
82%
Czech Republic Tomas Rosicky
82%
United States of America Landon Donovan
77%
Trinidad and Tobago Dwight Yorke
73%
England Emile Heskey
73%
Holland Rafael van der Vaart
73%
Norway John Carew
59%
Bulgaria Stiliyan Petrov
45%
Denmark Andreas Cornelius
41%
Congo Christopher Samba
27%
No matching quizzes found
Score Distribution
Percent of People with Each Score
Percentile by Number Answered
Your Score History
You have not taken this quiz